Escuela Preparatoria de Ingenieros Industriales
Descripción Física:
[4] p. ; 22 cm
Otros Autores:
Escola Industrial de Barcelona
Materias:
Reial Politècnic Hispanoamericà
MARC
| LEADER | 00000nam a2200000Ia 4500 | ||
|---|---|---|---|
| 001 | 9635 | ||
| 008 | 160829s1930 xx 000 0 cat d | ||
| 080 | |a RF-6-66 | ||
| 110 | 2 | |a Reial Politècnic Hispanoamericà |9 55096 | |
| 245 | |a Escuela Preparatoria de Ingenieros Industriales | ||
| 260 | |a Barcelona : |b Real Politécnico Hispano Americano, |c 1930 | ||
| 300 | |a [4] p. ; |c 22 cm | ||
| 610 | 2 | 0 | |a Reial Politècnic Hispanoamericà |9 55096 |
| 700 | |a Escola Industrial de Barcelona | ||
| 856 | 4 | |u https://media.diba.cat/diba/fitxers/arxiu/fulletons/bib_9635_1930_baixa.pdf |y Accés lliure | |
| 856 | 4 | |u https://media.diba.cat/diba/fitxers/arxiu/fulletons/bib_9635_1930_baixa.pdf |y Accés lliure | |
| 901 | |a Arxiu | ||
| 942 | |n 1 |2 udc | ||
| 952 | |0 0 |1 0 |4 0 |6 RF666 |7 1 |9 45006 |a Arxiu |b Arxiu |d 2016-12-01 |l 0 |o RF-6-66 |p 9635 |r 2016-12-01 00:00:00 |w 2016-12-01 |y ARXIU | ||
| 999 | |c 47610 |d 47610 | ||
| 900 | |a bib_9635_1930_baixa.pdf | ||